The mysterious world of Marcus Leadbeater /

Trying to cope with the death of his beloved grandfather, teenage Marc goes to visit his grandmother, only to find her mysteriously missing and her house for sale.

Bibliographic Details
Main Author: Southall, Ivan
Format: Book
Language:English
Published: New York : Farrar, Straus & Giroux, [1990]
Edition:1st ed.
Subjects:

MARC

Tag First Indicator Second Indicator Subfields
LEADER 00000aam a2200000 a 4500
001 in00001036607
005 20150928152414.0
008 890925s1990 nyu j 000 1 eng
010 |a  89046140  
020 |a 0374351139 
035 |a (OCoLC)22048462 
035 |9 AFH3465AM 
040 |a DLC  |c DLC  |d IGP  |d TXA  |d UtOrBLW 
049 |a TXAM 
050 0 0 |a PZ7.S726  |b My 1990 
100 1 |a Southall, Ivan. 
245 1 4 |a The mysterious world of Marcus Leadbeater /  |c Ivan Southall. 
250 |a 1st ed. 
264 1 |a New York :  |b Farrar, Straus & Giroux,  |c [1990] 
264 4 |c ©1990 
300 |a 180 pages ;  |c 22 cm. 
336 |a text  |b txt  |2 rdacontent 
337 |a unmediated  |b n  |2 rdamedia 
338 |a volume  |b nc  |2 rdacarrier 
520 |a Trying to cope with the death of his beloved grandfather, teenage Marc goes to visit his grandmother, only to find her mysteriously missing and her house for sale. 
650 0 |a Grief  |v Fiction. 
650 0 |a Grandfathers  |v Fiction. 
999 |a MARS 
999 f f |s a07a3248-bc09-384c-a0df-1bd3f4c488ed  |i a07cb476-c765-3133-80a1-9e3a2348ec23  |t 0 
952 f f |p normal  |a Texas A&M University  |b College Station  |c Sterling C. Evans Library  |d Evans: Library Stacks  |t 0  |e PZ7.S726 My 1990  |h Library of Congress classification  |i unmediated -- volume  |m A14814707687 
998 f f |a PZ7.S726 My 1990  |t 0  |l Evans: Library Stacks